Catalog

Record Details

Catalog Search



Ztracená stuha : na korejský motiv  Cover Image Book Book

Ztracená stuha : na korejský motiv / Norbert Frýd

Summary:

Milostný příběh, jehož základem je lidové vyprávění o nebeské víle připoutané k zemi, které autor vyslechl za svého pobytu v Koreji. Původně tragická pohádka je změněna v úsměvné vyprávění o osudech lidského děvčátka měnícího se v ženu.

Record details

  • Physical Description: 117, [1] s. ; 8°
  • Edition: 1. vyd.
  • Publisher: Praha : Československý spisovatel, 1957

Content descriptions

General Note:
15000 výt.
S barev. il. předsádkami a kr. na tit. listě s použitím pův. korejských motivů
Genre: české novely

Available copies

  • 1 of 1 copy available at Common Catalog SPOK.

Holds

  • 0 current holds with 1 total copy.
Show All Copies
Location Call Number / Copy Notes Barcode Shelving Location Status Due Date
The Jewish community of Prague K 1529 4638301991 K - Beletrie Available -

Electronic resources

Version of Resource: Digitalizovaný dokument


LDR 01427nam a22003251 4500
00153815
003CZ-PrJAB
00520200109120817.0
008981018s1957 xr g ||| f cze
015 . ‡acnb000728556
035 . ‡a(CZ PrNK)bk195705007
035 . ‡a(OCoLC)3764416
040 . ‡aABA001 ‡bcze ‡cCBA001 ‡dABA001
072 7. ‡a821.162.3-3 ‡xČeská próza ‡2Konspekt ‡925
080 . ‡a821.162.3-32 ‡2MRF
080 . ‡a(0:82-32) ‡2MRF
1001 . ‡aFrýd, Norbert, ‡d1913-1976 ‡7jk01032074 ‡4aut
24510. ‡aZtracená stuha : ‡bna korejský motiv / ‡cNorbert Frýd
250 . ‡a1. vyd.
260 . ‡aPraha : ‡bČeskoslovenský spisovatel, ‡c1957 ‡e(Brno : ‡fBrněn. knihtisk., z.z.)
300 . ‡a117, [1] s. ; ‡c
4901 . ‡aŽatva ; ‡vsv. 237
500 . ‡a15000 výt.
500 . ‡aS barev. il. předsádkami a kr. na tit. listě s použitím pův. korejských motivů
520 . ‡aMilostný příběh, jehož základem je lidové vyprávění o nebeské víle připoutané k zemi, které autor vyslechl za svého pobytu v Koreji. Původně tragická pohádka je změněna v úsměvné vyprávění o osudech lidského děvčátka měnícího se v ženu.
655 7. ‡ačeské novely ‡7fd133969 ‡2czenas
830 0. ‡aŽatva (Československý spisovatel)
85641. ‡uhttp://krameriusndk.nkp.cz/search/handle/uuid:bd6768e0-3be4-11e3-ad71-005056827e52 ‡yDigitalizovaný dokument
910 . ‡aABE461
995 . ‡aska
964 . ‡aNovely milostné
901 . ‡a53815 ‡bAUTOGEN ‡c53815 ‡tbiblio

Additional Resources